000
00241nam a22001097a 4500
082
_a
355.02 HEI'P
100
_a
HEILBRUNN, OTTO
_9
48647
245
_a
PARTISAN WARFARE
260
_a
LONDON
_b
GEORGE ALLEN
_c
1962
300
_a
199P
942
_c
BK
999
_c
567892
_d
567892